00243nam a2200097Ia 4500008004100000041000800041082001300049100001900062245003500081260002900116231212s1982 xx 000 0 und d aeng a621.3817 aLeventhal L.A. aIntroduction To Microprocessor aNew DelhibMcGrowhc1982